[Event "28. Obert La Pobla de Lillet"]
[Site "La Pobla de Lillet ESP"]
[Date "2018.08.05"]
[Round "5.4"]
[White "Simon Padros, Emili"]
[Black "Garcia Escoda, Marc"]
[Result "1/2-1/2"]
[WhiteElo "2166"]
[BlackElo "1861"]
[PlyCount "120"]
[EventDate "2018.08.01"]
[EventType "swiss"]
[EventRounds "9"]
[EventCountry "ESP"]
[SourceTitle "Ajedrez en Madrid"]
[Source "lmi"]
[SourceDate "2018.08.01"]
[SourceVersion "1"]
[SourceVersionDate "2019.06.15"]
[SourceQuality "1"]

1. e4 c5 2. Nc3 Nc6 3. g3 g6 4. Bg2 Bg7 5. f4 e6 6. Nf3 Nge7 7. O-O d6 8. d3
O-O 9. Be3 Nd4 10. Qd2 Rb8 11. Nh4 b5 12. Nd1 b4 13. c3 bxc3 14. bxc3 Ndc6 15.
f5 exf5 16. exf5 gxf5 17. Bh6 Ne5 18. Bxg7 Kxg7 19. Ne3 f4 20. Rxf4 N7g6 21.
Nhf5+ Kh8 22. Rf2 Ba6 23. Be4 d5 24. Nxd5 Bxd3 25. Bg2 c4 26. Nd4 Qc8 27. Qg5
Ng4 28. Bh3 f5 29. Bxg4 fxg4 30. Nf4 Nxf4 31. Rxf4 Rxf4 32. Qxf4 Qe8 33. Ne6
Rb7 34. Qd4+ Kg8 35. Qxg4+ Qg6 36. Qxg6+ hxg6 37. Nc5 Rb2 38. Nxd3 cxd3 39. Rd1
d2 40. a4 Rc2 41. Kf2 Kf7 42. Ke2 Rxc3 43. Rxd2 Kf6 44. Rd6+ Kf5 45. Ra6 Ra3
46. Rxa7 Ra2+ 47. Kf3 Rxh2 48. Ra5+ Kf6 49. Kg4 Rc2 50. Ra6+ Kg7 51. Re6 Rc4+
52. Kg5 Rc5+ 53. Kf4 Ra5 54. Re4 Kf6 55. g4 g5+ 56. Ke3 Rd5 57. Rd4 Re5+ 58.
Kd3 Re1 59. a5 Ra1 60. Rd5 Ra4 1/2-1/2

[Event "28. Obert La Pobla de Lillet"]
[Site "La Pobla de Lillet ESP"]
[Date "2018.08.05"]
[Round "5.5"]
[White "Renteria, Jorge"]
[Black "Ayza Ballester, Jordi"]
[Result "1/2-1/2"]
[WhiteElo "2280"]
[BlackElo "2198"]
[PlyCount "49"]
[EventDate "2018.08.01"]
[EventType "swiss"]
[EventRounds "9"]
[EventCountry "ESP"]
[SourceTitle "Ajedrez en Madrid"]
[Source "lmi"]
[SourceDate "2018.08.01"]
[SourceVersion "1"]
[SourceVersionDate "2019.06.15"]
[SourceQuality "1"]

1. e4 c5 2. Nf3 Nc6 3. d4 cxd4 4. Nxd4 g6 5. Nc3 Bg7 6. Be3 Nf6 7. Bc4 Qa5 8.
O-O O-O 9. Bb3 d6 10. h3 Nxd4 11. Bxd4 e6 12. Qf3 Ne8 13. Bxg7 Kxg7 14. Ba4 Nf6
15. Rad1 Qb4 16. Bb3 Bd7 17. Qe3 Bc6 18. e5 dxe5 19. Qxe5 Rfd8 20. g4 h6 21. f4
Qb6+ 22. Rf2 Rxd1+ 23. Nxd1 Qd8 24. c3 Kh7 25. Bc2 1/2-1/2

[Event "28. Obert La Pobla de Lillet"]
[Site "La Pobla de Lillet ESP"]
[Date "2018.08.05"]
[Round "5.6"]
[White "Alarcon Casellas, Rolando"]
[Black "Prats Rodriguez, Joan Bosco"]
[Result "1-0"]
[WhiteElo "2385"]
[BlackElo "2034"]
[PlyCount "51"]
[EventDate "2018.08.01"]
[EventType "swiss"]
[EventRounds "9"]
[EventCountry "ESP"]
[SourceTitle "Ajedrez en Madrid"]
[Source "lmi"]
[SourceDate "2018.08.01"]
[SourceVersion "1"]
[SourceVersionDate "2019.06.15"]
[SourceQuality "1"]

1. d4 d5 2. c4 dxc4 3. Nf3 a6 4. e3 b5 5. a4 Bb7 6. b3 e6 7. bxc4 bxc4 8. Bxc4
Nd7 9. O-O Ngf6 10. Nbd2 c5 11. Rb1 Qc7 12. Ba3 Be7 13. Qc2 cxd4 14. Bxe7 Kxe7
15. Nxd4 Rhc8 16. Rfc1 Rab8 17. h3 g6 18. Qa2 Qd6 19. a5 Ba8 20. Rxb8 Rxb8 21.
Bf1 Nd5 22. Nc4 Nb4 23. Qa3 Qd5 24. Nb6 Qd6 25. Nxa8 Rxa8 26. Qxb4 1-0

[Event "28. Obert La Pobla de Lillet"]
[Site "La Pobla de Lillet ESP"]
[Date "2018.08.05"]
[Round "5.7"]
[White "Gomez Jurado, Luis Alberto"]
[Black "Simon Del Sol, Jaume"]
[Result "1/2-1/2"]
[WhiteElo "2256"]
[BlackElo "1987"]
[PlyCount "81"]
[EventDate "2018.08.01"]
[EventType "swiss"]
[EventRounds "9"]
[EventCountry "ESP"]
[SourceTitle "Ajedrez en Madrid"]
[Source "lmi"]
[SourceDate "2018.08.01"]
[SourceVersion "1"]
[SourceVersionDate "2019.06.15"]
[SourceQuality "1"]

1. c4 c5 2. g3 g6 3. Bg2 Bg7 4. Nc3 Nc6 5. Nf3 d6 6. d3 e5 7. Nd2 h5 8. h4 Nh6
9. Nde4 a6 10. Nd5 Ng8 11. O-O Be6 12. Ng5 Bxd5 13. Bxd5 Nh6 14. a3 Qd7 15. Rb1
O-O 16. b4 Ne7 17. Bg2 Rab8 18. bxc5 dxc5 19. Ne4 Qc7 20. a4 b6 21. a5 bxa5 22.
Be3 Rxb1 23. Qxb1 Rb8 24. Qa2 Nhf5 25. Bxc5 Nc6 26. Ra1 Ncd4 27. Bxd4 Nxd4 28.
Nc3 Rb3 29. Nd5 Qb8 30. e3 Rb2 31. Qa4 Ne2+ 32. Kh2 e4 33. d4 Rb1 34. Bxe4 Rxa1
35. Qxa1 Qb3 36. Bf3 Nxd4 37. exd4 Qxf3 38. Kg1 Kh7 39. Ne3 Qe4 40. Qxa5 Bxd4
41. Qxa6 1/2-1/2

[Event "28. Obert La Pobla de Lillet"]
[Site "La Pobla de Lillet ESP"]
[Date "2018.08.05"]
[Round "5.8"]
[White "Castillo Dalmau, Albert"]
[Black "Masachs Vendrell, Francesc"]
[Result "1-0"]
[WhiteElo "2225"]
[BlackElo "1969"]
[PlyCount "77"]
[EventDate "2018.08.01"]
[EventType "swiss"]
[EventRounds "9"]
[EventCountry "ESP"]
[SourceTitle "Ajedrez en Madrid"]
[Source "lmi"]
[SourceDate "2018.08.01"]
[SourceVersion "1"]
[SourceVersionDate "2019.06.15"]
[SourceQuality "1"]

1. d4 Nf6 2. Nf3 d5 3. c4 c6 4. g3 Bf5 5. Bg2 Bxb1 6. Rxb1 Qa5+ 7. Bd2 Qxa2 8.
c5 Nbd7 9. O-O Ne4 10. Qc2 Qc4 11. Qxc4 dxc4 12. Rfc1 e5 13. e3 g5 14. Be1 g4
15. Nxe5 Nxe5 16. Bxe4 Nf3+ 17. Kg2 Ng5 18. Bf5 h5 19. Rxc4 Ne6 20. h3 gxh3+
21. Bxh3 Be7 22. Ra1 Nc7 23. Rca4 a6 24. Rb4 Nb5 25. Rc4 Rd8 26. Rd1 Bf6 27. b4
O-O 28. Rcc1 Bg5 29. f4 Bh6 30. Kf3 f5 31. Bf1 Nc7 32. Rc2 Kg7 33. Rh2 Kg6 34.
Bd2 Bg7 35. Bd3 Nd5 36. e4 Ne7 37. Be3 Bxd4 38. exf5+ Kh6 39. Rxh5+ 1-0

[Event "28. Obert La Pobla de Lillet"]
[Site "La Pobla de Lillet ESP"]
[Date "2018.08.05"]
[Round "5.9"]
[White "Capellades Subirana, Marc"]
[Black "Collell Rodriguez, Victor"]
[Result "1/2-1/2"]
[WhiteElo "2211"]
[BlackElo "1873"]
[PlyCount "23"]
[EventDate "2018.08.01"]
[EventType "swiss"]
[EventRounds "9"]
[EventCountry "ESP"]
[SourceTitle "Ajedrez en Madrid"]
[Source "lmi"]
[SourceDate "2018.08.01"]
[SourceVersion "1"]
[SourceVersionDate "2019.06.15"]
[SourceQuality "1"]

1. e4 c5 2. Nf3 e6 3. d4 cxd4 4. Nxd4 Nf6 5. Nc3 Nc6 6. Nxc6 bxc6 7. e5 Nd5 8.
Nxd5 cxd5 9. Bd3 Qc7 10. Bf4 Rb8 11. O-O Rxb2 12. Qg4 1/2-1/2

[Event "28. Obert La Pobla de Lillet"]
[Site "La Pobla de Lillet ESP"]
[Date "2018.08.05"]
[Round "5.10"]
[White "Toquero Gracia, Pau"]
[Black "Iagar, Razvan-Gabriel"]
[Result "0-1"]
[WhiteElo "2071"]
[BlackElo "2146"]
[PlyCount "94"]
[EventDate "2018.08.01"]
[EventType "swiss"]
[EventRounds "9"]
[EventCountry "ESP"]
[SourceTitle "Ajedrez en Madrid"]
[Source "lmi"]
[SourceDate "2018.08.01"]
[SourceVersion "1"]
[SourceVersionDate "2019.06.15"]
[SourceQuality "1"]

1. e4 e6 2. d4 d5 3. exd5 exd5 4. Bd3 Bd6 5. Nf3 Ne7 6. Bg5 f6 7. Bh4 Bg4 8.
Nbd2 Nbc6 9. c3 Qd7 10. h3 Bf5 11. Qe2 Bxd3 12. Qxd3 Qf5 13. Qxf5 Nxf5 14. g4
Nxh4 15. Nxh4 Ne7 16. O-O-O Kf7 17. Nf1 h5 18. Ne3 c6 19. Rdf1 Rh7 20. Rhg1
hxg4 21. Rxg4 g5 22. Nhf5 Nxf5 23. Nxf5 Bf4+ 24. Kc2 Rxh3 25. Re1 Re8 26. Rxe8
Kxe8 27. Rg1 Rh2 28. Re1+ Kf7 29. Re2 Kg6 30. Ne7+ Kh5 31. Ng8 f5 32. Nf6+ Kg6
33. Ng8 Rh8 34. Ne7+ Kf6 35. c4 dxc4 36. d5 Re8 37. Re6+ Kf7 38. Nxf5 Rxe6 39.
dxe6+ Kxe6 40. Nh6 Kd5 41. f3 b5 42. Nf5 c5 43. Ne7+ Ke6 44. Nc6 a6 45. Kc3 Kd7
46. Na5 Be5+ 47. Kc2 Bc7 0-1

[Event "28. Obert La Pobla de Lillet"]
[Site "La Pobla de Lillet ESP"]
[Date "2018.08.06"]
[Round "6.2"]
[White "Longa Yauca, Javier"]
[Black "Fernandez Cardoso, Alexey"]
[Result "0-1"]
[WhiteElo "2268"]
[BlackElo "2403"]
[PlyCount "50"]
[EventDate "2018.08.01"]
[EventType "swiss"]
[EventRounds "9"]
[EventCountry "ESP"]
[SourceTitle "Ajedrez en Madrid"]
[Source "lmi"]
[SourceDate "2018.08.01"]
[SourceVersion "1"]
[SourceVersionDate "2019.06.15"]
[SourceQuality "1"]

1. d4 d5 2. c4 c6 3. Nc3 Nf6 4. e3 e6 5. Nf3 Nbd7 6. Qc2 Bd6 7. b3 O-O 8. Bb2
Qe7 9. Be2 dxc4 10. bxc4 e5 11. O-O e4 12. Nd2 Re8 13. Rae1 Nf8 14. f3 Qc7 15.
fxe4 Bxh2+ 16. Kh1 Bg3 17. Rb1 Ng4 18. Bxg4 Bxg4 19. e5 Qd8 20. Nf3 Bxf3 21.
gxf3 Qh4+ 22. Kg1 Re6 23. Rfd1 Rg6 24. Kf1 Bxe5 25. Qe4 Qh2 0-1

[Event "28. Obert La Pobla de Lillet"]
[Site "La Pobla de Lillet ESP"]
[Date "2018.08.06"]
[Round "6.3"]
[White "Iagar, Razvan-Gabriel"]
[Black "Alarcon Casellas, Rolando"]
[Result "0-1"]
[WhiteElo "2146"]
[BlackElo "2385"]
[PlyCount "144"]
[EventDate "2018.08.01"]
[EventType "swiss"]
[EventRounds "9"]
[EventCountry "ESP"]
[SourceTitle "Ajedrez en Madrid"]
[Source "lmi"]
[SourceDate "2018.08.01"]
[SourceVersion "1"]
[SourceVersionDate "2019.06.15"]
[SourceQuality "1"]

1. d4 Nf6 2. c4 e6 3. Nf3 d5 4. Nc3 c6 5. e3 Nbd7 6. Qc2 Bd6 7. Bd3 O-O 8. e4
e5 9. cxd5 cxd5 10. Nxd5 Nxd5 11. exd5 e4 12. Bxe4 Nf6 13. O-O Nxe4 14. Qxe4
Re8 15. Qd3 Qf6 16. Bg5 Bf5 17. Qd2 Qg6 18. Bf4 Be4 19. Bxd6 Bxf3 20. Bg3 Bxd5
21. f3 h5 22. b3 Rac8 23. Rac1 Rxc1 24. Rxc1 h4 25. Bxh4 Bxf3 26. Re1 Be4 27.
Bg3 Rc8 28. Rc1 Rd8 29. Qe3 Bc6 30. Re1 a6 31. Qf2 f6 32. Qe3 Kh7 33. Qd2 Rd5
34. Rd1 Rg5 35. Qd3 Be4 36. Qe3 Kh8 37. Rc1 Bc6 38. Re1 Ra5 39. Qd2 Rd5 40. Rd1
Qe4 41. Qf4 Qe2 42. Qd2 Qg4 43. Qd3 Ra5 44. Rd2 Qg5 45. Be1 Qh6 46. Bg3 Rd5 47.
Qe2 Qg5 48. Qd3 Bb5 49. Qc2 f5 50. Be1 Qf4 51. Bf2 Qg5 52. Be1 Rd8 53. d5 Re8
54. Bf2 f4 55. Qc3 f3 56. Bg3 Re3 57. Qc8+ Re8 58. Qc3 Re3 59. Qc8+ Re8 60. Qc3
fxg2 61. Kxg2 Rf8 62. Qd4 Bf1+ 63. Kg1 Bh3 64. Rd1 Kg8 65. d6 Rf7 66. Re1 Qb5
67. Qc4 Qb6+ 68. Kh1 Bd7 69. h4 Bc6+ 70. Kh2 Qa5 71. Rd1 Qxa2+ 72. Kh3 Bd7+ 0-1

[Event "28. Obert La Pobla de Lillet"]
[Site "La Pobla de Lillet ESP"]
[Date "2018.08.06"]
[Round "6.4"]
[White "Garcia Escoda, Marc"]
[Black "Cervello Tost, Ferran"]
[Result "0-1"]
[WhiteElo "1861"]
[BlackElo "2326"]
[PlyCount "76"]
[EventDate "2018.08.01"]
[EventType "swiss"]
[EventRounds "9"]
[EventCountry "ESP"]
[SourceTitle "Ajedrez en Madrid"]
[Source "lmi"]
[SourceDate "2018.08.01"]
[SourceVersion "1"]
[SourceVersionDate "2019.06.15"]
[SourceQuality "1"]

1. c4 c6 2. d4 d5 3. cxd5 cxd5 4. Bf4 Nf6 5. Nc3 e6 6. e3 Be7 7. Bd3 O-O 8. h3
a6 9. Nf3 b5 10. O-O Bb7 11. a3 Nbd7 12. b4 Nb6 13. Qb3 Nc4 14. a4 Ne4 15. Rac1
Nxc3 16. Rxc3 Bd6 17. Bxd6 Qxd6 18. Qc2 f5 19. Rb1 Rf6 20. Bxc4 dxc4 21. Ne5
Be4 22. Qc1 Bxb1 23. Qxb1 Raf8 24. f4 Ra8 25. a5 Rff8 26. h4 g6 27. g3 Ra7 28.
Kf2 Rg7 29. Rc1 h6 30. Nf3 Rc8 31. Rc3 Qd5 32. Qc2 Kf7 33. Qb1 Ke7 34. Qc2 g5
35. hxg5 hxg5 36. Qd1 Rh8 37. Qg1 g4 38. Nh2 Rgh7 0-1

[Event "28. Obert La Pobla de Lillet"]
[Site "La Pobla de Lillet ESP"]
[Date "2018.08.06"]
[Round "6.5"]
[White "Ayza Ballester, Jordi"]
[Black "Castillo Dalmau, Albert"]
[Result "0-1"]
[WhiteElo "2198"]
[BlackElo "2225"]
[PlyCount "52"]
[EventDate "2018.08.01"]
[EventType "swiss"]
[EventRounds "9"]
[EventCountry "ESP"]
[SourceTitle "Ajedrez en Madrid"]
[Source "lmi"]
[SourceDate "2018.08.01"]
[SourceVersion "1"]
[SourceVersionDate "2019.06.15"]
[SourceQuality "1"]

1. e4 c6 2. d4 d5 3. Nc3 dxe4 4. Nxe4 Bf5 5. Ng3 Bg6 6. Bc4 e6 7. N1e2 Nf6 8.
Nf4 Bd6 9. h4 Qc7 10. h5 Bxc2 11. Qf3 h6 12. O-O O-O 13. Bxe6 fxe6 14. Nxe6 Qf7
15. Nxf8 Qxf8 16. Re1 Qf7 17. Bf4 Bxf4 18. Qxf4 Nd5 19. Qd6 Nd7 20. Re2 Bd3 21.
Rd2 Bh7 22. Re1 Rf8 23. Ne4 Bxe4 24. Rxe4 N7f6 25. Re5 Ng4 26. Ree2 Nf4 0-1

[Event "28. Obert La Pobla de Lillet"]
[Site "La Pobla de Lillet ESP"]
[Date "2018.08.06"]
[Round "6.6"]
[White "Touzane, Olivier"]
[Black "Simon Padros, Emili"]
[Result "1-0"]
[WhiteElo "2301"]
[BlackElo "2166"]
[PlyCount "89"]
[EventDate "2018.08.01"]
[EventType "swiss"]
[EventRounds "9"]
[EventCountry "ESP"]
[SourceTitle "Ajedrez en Madrid"]
[Source "lmi"]
[SourceDate "2018.08.01"]
[SourceVersion "1"]
[SourceVersionDate "2019.06.15"]
[SourceQuality "1"]

1. d4 e6 2. Bf4 f5 3. h3 Nf6 4. g4 d5 5. Nf3 Bd6 6. Ne5 Qe7 7. e3 Nbd7 8. a3
Bxe5 9. dxe5 Ne4 10. gxf5 exf5 11. Qxd5 c6 12. Qd4 Ndc5 13. Bc4 Be6 14. Bxe6
Nxe6 15. Qb4 c5 16. Qb5+ Kf7 17. Nc3 Nxc3 18. bxc3 Rhd8 19. h4 Qc7 20. Rg1 a6
21. Qe2 Qa5 22. Rb1 Qxc3+ 23. Kf1 b5 24. Qh5+ Kg8 25. Rg2 Qxc2 26. Re1 Rd7 27.
Kg1 Rad8 28. Kh2 Rd2 29. Qh6 Re8 30. Qh5 Re7 31. Qf3 Qe4 32. Qxe4 fxe4 33. f3
Red7 34. fxe4 Rxg2+ 35. Kxg2 Kf7 36. Rc1 c4 37. a4 Rc7 38. axb5 axb5 39. Kf3
Ke7 40. Bg3 Nc5 41. h5 Nd3 42. Ra1 c3 43. Ra3 g5 44. hxg6 hxg6 45. e6 1-0

[Event "28. Obert La Pobla de Lillet"]
[Site "La Pobla de Lillet ESP"]
[Date "2018.08.06"]
[Round "6.7"]
[White "Simon Del Sol, Jaume"]
[Black "Renteria, Jorge"]
[Result "0-1"]
[WhiteElo "1987"]
[BlackElo "2280"]
[PlyCount "66"]
[EventDate "2018.08.01"]
[EventType "swiss"]
[EventRounds "9"]
[EventCountry "ESP"]
[SourceTitle "Ajedrez en Madrid"]
[Source "lmi"]
[SourceDate "2018.08.01"]
[SourceVersion "1"]
[SourceVersionDate "2019.06.15"]
[SourceQuality "1"]

1. Nf3 Nf6 2. g3 g6 3. Bg2 Bg7 4. O-O O-O 5. c4 d6 6. Nc3 Nbd7 7. d4 c6 8. e4
e5 9. dxe5 Nxe5 10. Nxe5 dxe5 11. Qc2 Be6 12. b3 Qc7 13. h3 Rad8 14. a4 a5 15.
Be3 Nd7 16. f3 Rfe8 17. Rad1 Bf8 18. Qf2 b6 19. Rfe1 Bb4 20. Qc2 Bc5 21. Bxc5
Nxc5 22. Bf1 Qe7 23. Rxd8 Rxd8 24. Rd1 Rxd1 25. Nxd1 Qd7 26. Nf2 Qd4 27. Kg2
Qa1 28. Be2 Kg7 29. Nd3 Bxh3+ 30. Kh2 Nxd3 31. Qxd3 Be6 32. Qe3 Qe1 33. Kg2
Bh3+ 0-1

[Event "28. Obert La Pobla de Lillet"]
[Site "La Pobla de Lillet ESP"]
[Date "2018.08.06"]
[Round "6.8"]
[White "Menac Comas, Joan Ramon"]
[Black "Gomez Jurado, Luis Alberto"]
[Result "1/2-1/2"]
[WhiteElo "2031"]
[BlackElo "2256"]
[PlyCount "112"]
[EventDate "2018.08.01"]
[EventType "swiss"]
[EventRounds "9"]
[EventCountry "ESP"]
[SourceTitle "Ajedrez en Madrid"]
[Source "lmi"]
[SourceDate "2018.08.01"]
[SourceVersion "1"]
[SourceVersionDate "2019.06.15"]
[SourceQuality "1"]

1. Nf3 d5 2. c4 c6 3. e3 Nf6 4. Nc3 e6 5. b3 Nbd7 6. Bb2 Bd6 7. Qc2 O-O 8. Rg1
e5 9. cxd5 cxd5 10. Nb5 Bb8 11. Rc1 e4 12. Ba3 Re8 13. Nfd4 Ne5 14. f4 Nd3+ 15.
Bxd3 exd3 16. Qxd3 a6 17. Nc3 Bxf4 18. g3 Be5 19. Nce2 Ne4 20. Nf3 Bf6 21. Nf4
Bg4 22. Rf1 d4 23. h3 Bxf3 24. Rxf3 Ng5 25. Rf1 dxe3 26. Qxd8 Raxd8 27. d3 Be5
28. Ke2 Bxf4 29. gxf4 Nxh3 30. Rf3 Nf2 31. Rxe3 Ng4 32. Rxe8+ Rxe8+ 33. Kf3 f5
34. Rc7 Re3+ 35. Kg2 h5 36. Be7 Rxd3 37. Rxb7 Rd2+ 38. Kg3 Rxa2 39. Kh4 Nh6 40.
Kxh5 Kh7 41. Bf6 Rg2 42. Be5 Rg4 43. Ra7 a5 44. Rb7 Ng8 45. Ra7 Nh6 46. Rb7 Rg6
47. Ra7 Ng4 48. Rxa5 Nxe5 49. Rxe5 Rg1 50. Re7 Kg8 51. b4 Rg4 52. b5 Rxf4 53.
Kg6 Rg4+ 54. Kxf5 Rb4 55. Kg6 Rg4+ 56. Kf5 Rb4 1/2-1/2

[Event "28. Obert La Pobla de Lillet"]
[Site "La Pobla de Lillet ESP"]
[Date "2018.08.06"]
[Round "6.9"]
[White "Martin Perez, Pau"]
[Black "Capellades Subirana, Marc"]
[Result "1/2-1/2"]
[WhiteElo "1874"]
[BlackElo "2211"]
[PlyCount "103"]
[EventDate "2018.08.01"]
[EventType "swiss"]
[EventRounds "9"]
[EventCountry "ESP"]
[SourceTitle "Ajedrez en Madrid"]
[Source "lmi"]
[SourceDate "2018.08.01"]
[SourceVersion "1"]
[SourceVersionDate "2019.06.15"]
[SourceQuality "1"]

1. e4 e5 2. Nf3 Nc6 3. Bb5 a6 4. Ba4 g6 5. O-O Bg7 6. c3 Nge7 7. d4 exd4 8.
cxd4 d5 9. exd5 Nxd5 10. Re1+ Be6 11. Bxc6+ bxc6 12. Ng5 Qf6 13. Nxe6 fxe6 14.
Nd2 O-O 15. Nf3 Rae8 16. Qc2 Qf5 17. Qxf5 exf5 18. Bd2 c5 19. dxc5 Bxb2 20.
Rab1 Bc3 21. Rxe8 Rxe8 22. Bxc3 Nxc3 23. Rb7 Re7 24. Ra7 Nxa2 25. Rxa6 Nb4 26.
Ra8+ Kg7 27. h3 Nd3 28. c6 Nb4 29. Nd4 Kf6 30. Ra7 Ke5 31. Nb5 Nxc6 32. Rxc7
Rxc7 33. Nxc7 Nd4 34. Na8 f4 35. Nb6 f3 36. gxf3 Nxf3+ 37. Kg2 Nh4+ 38. Kg3
Nf5+ 39. Kg2 h5 40. Nc4+ Kf4 41. Nd2 Nh4+ 42. Kf1 g5 43. Ke2 Ng6 44. Nf3 Kf5
45. Ke3 Nf4 46. Ng1 Kf6 47. Ke4 Ne6 48. Ne2 Nc5+ 49. Kd4 Ne6+ 50. Ke4 Nc5+ 51.
Kd4 Ne6+ 52. Ke4 1/2-1/2

[Event "28. Obert La Pobla de Lillet"]
[Site "La Pobla de Lillet ESP"]
[Date "2018.08.06"]
[Round "6.10"]
[White "Sanpera Bonet, Joan Carles"]
[Black "Gonzalez Saguillo, Oriol"]
[Result "1-0"]
[WhiteElo "2100"]
[BlackElo "2098"]
[PlyCount "57"]
[EventDate "2018.08.01"]
[EventType "swiss"]
[EventRounds "9"]
[EventCountry "ESP"]
[SourceTitle "Ajedrez en Madrid"]
[Source "lmi"]
[SourceDate "2018.08.01"]
[SourceVersion "1"]
[SourceVersionDate "2019.06.15"]
[SourceQuality "1"]

1. e4 c5 2. Nc3 d6 3. Nge2 Nf6 4. g3 g6 5. Bg2 Bg7 6. O-O O-O 7. d3 Nc6 8. f4
Bg4 9. h3 Bd7 10. g4 Rb8 11. Ng3 b5 12. g5 Ne8 13. f5 Nc7 14. h4 b4 15. Nce2
Nd4 16. Nf4 gxf5 17. Nfh5 fxe4 18. Nxg7 exd3 19. Be4 d5 20. Bxd3 c4 21. Bxh7+
Kxh7 22. Qxd4 Nb5 23. Qe5 f6 24. gxf6 exf6 25. Qh5+ Kxg7 26. Bh6+ Kh7 27. Bxf8+
Kg8 28. Qg6+ Kxf8 29. Rxf6+ 1-0

[Event "28. Obert La Pobla de Lillet"]
[Site "La Pobla de Lillet ESP"]
[Date "2018.08.07"]
[Round "7.1"]
[White "Castillo Dalmau, Albert"]
[Black "Movsziszian, Karen"]
[Result "1/2-1/2"]
[WhiteElo "2225"]
[BlackElo "2536"]
[PlyCount "90"]
[EventDate "2018.08.01"]
[EventType "swiss"]
[EventRounds "9"]
[EventCountry "ESP"]
[SourceTitle "Ajedrez en Madrid"]
[Source "lmi"]
[SourceDate "2018.08.01"]
[SourceVersion "1"]
[SourceVersionDate "2019.06.15"]
[SourceQuality "1"]

1. c4 e5 2. g3 Nc6 3. Bg2 Bc5 4. Nc3 d6 5. a3 a6 6. b4 Ba7 7. e3 Nge7 8. Bb2
Rb8 9. Rc1 O-O 10. Nge2 Nf5 11. Nd5 Nce7 12. Nxe7+ Qxe7 13. O-O c6 14. d4 h5
15. Qd3 h4 16. Rfd1 hxg3 17. hxg3 f6 18. c5 exd4 19. cxd6 Qxd6 20. Nxd4 Nxd4
21. Bxd4 Bxd4 22. Qxd4 Qxd4 23. Rxd4 Be6 24. Rcd1 Kf7 25. Bf1 Ke7 26. Bc4 Bxc4
27. Rxc4 Rfd8 28. Re4+ Kf7 29. Red4 Rxd4 30. Rxd4 Ke6 31. Kg2 Ra8 32. f4 a5 33.
Kf3 axb4 34. axb4 f5 35. g4 g6 36. gxf5+ gxf5 37. Ke2 Ra2+ 38. Kd3 Ra3+ 39. Kd2
Rb3 40. Ke2 Kf6 41. Rd6+ Ke7 42. Rd4 Ke6 43. Kd2 b5 44. Ke2 Rb2+ 45. Kd3 Rb3+
1/2-1/2

[Event "28. Obert La Pobla de Lillet"]
[Site "La Pobla de Lillet ESP"]
[Date "2018.08.07"]
[Round "7.2"]
[White "Cervello Tost, Ferran"]
[Black "Fernandez Cardoso, Alexey"]
[Result "1/2-1/2"]
[WhiteElo "2326"]
[BlackElo "2403"]
[PlyCount "77"]
[EventDate "2018.08.01"]
[EventType "swiss"]
[EventRounds "9"]
[EventCountry "ESP"]
[SourceTitle "Ajedrez en Madrid"]
[Source "lmi"]
[SourceDate "2018.08.01"]
[SourceVersion "1"]
[SourceVersionDate "2019.06.15"]
[SourceQuality "1"]

1. d4 Nf6 2. Nf3 g6 3. g3 Bg7 4. Bg2 O-O 5. O-O d6 6. c4 Nc6 7. Nc3 a6 8. b3
Rb8 9. a4 Nb4 10. e4 c5 11. dxc5 Nd7 12. Bd2 Nxc5 13. Rb1 f5 14. Nd5 Nc6 15.
Bc3 Nxe4 16. Bxg7 Kxg7 17. Nd2 Nf6 18. Re1 e5 19. Nxf6 Qxf6 20. Nf1 Nd4 21. Ne3
Be6 22. Nc2 Nxc2 23. Qxc2 e4 24. Rbd1 Rbd8 25. f3 d5 26. cxd5 Bxd5 27. fxe4
fxe4 28. Bxe4 Rc8 29. Qg2 Bxb3 30. Rd7+ Kh8 31. Rxb7 Qd4+ 32. Kh1 Bxa4 33. Qh3
h5 34. Rh7+ Kxh7 35. Qxh5+ Kg8 36. Qxg6+ Qg7 37. Bd5+ Kh8 38. Qh5+ Qh7 39. Qe5+
1/2-1/2

[Event "28. Obert La Pobla de Lillet"]
[Site "La Pobla de Lillet ESP"]
[Date "2018.08.07"]
[Round "7.3"]
[White "Mellado Trivino, Joan"]
[Black "Alarcon Casellas, Rolando"]
[Result "1/2-1/2"]
[WhiteElo "2362"]
[BlackElo "2385"]
[PlyCount "21"]
[EventDate "2018.08.01"]
[EventType "swiss"]
[EventRounds "9"]
[EventCountry "ESP"]
[SourceTitle "Ajedrez en Madrid"]
[Source "lmi"]
[SourceDate "2018.08.01"]
[SourceVersion "1"]
[SourceVersionDate "2019.06.15"]
[SourceQuality "1"]

1. e4 e6 2. d4 d5 3. exd5 exd5 4. Nf3 Bd6 5. c4 Nf6 6. Nc3 O-O 7. c5 Be7 8. h3
b6 9. cxb6 axb6 10. Bd3 Ba6 11. O-O 1/2-1/2

[Event "28. Obert La Pobla de Lillet"]
[Site "La Pobla de Lillet ESP"]
[Date "2018.08.07"]
[Round "7.4"]
[White "Longa Yauca, Javier"]
[Black "Touzane, Olivier"]
[Result "1-0"]
[WhiteElo "2268"]
[BlackElo "2301"]
[PlyCount "55"]
[EventDate "2018.08.01"]
[EventType "swiss"]
[EventRounds "9"]
[EventCountry "ESP"]
[SourceTitle "Ajedrez en Madrid"]
[Source "lmi"]
[SourceDate "2018.08.01"]
[SourceVersion "1"]
[SourceVersionDate "2019.06.15"]
[SourceQuality "1"]

1. c4 g6 2. Nc3 Bg7 3. g3 c5 4. Bg2 Nc6 5. d3 a6 6. Nf3 Rb8 7. O-O b5 8. Bf4 e5
9. Bg5 f6 10. Be3 d6 11. Nd2 Nge7 12. cxb5 axb5 13. a4 bxa4 14. Qxa4 Bd7 15.
Nc4 O-O 16. Nxd6 Nd4 17. Qa7 Nb3 18. Ra3 Bc6 19. Bxc5 Nd2 20. Rd1 Bxg2 21. Kxg2
Nb3 22. Nc4 Rf7 23. Nd6 Rf8 24. e4 g5 25. Rxb3 Rxb3 26. Qa2 h5 27. Qxb3+ Kh7
28. Nf7 1-0

[Event "28. Obert La Pobla de Lillet"]
[Site "La Pobla de Lillet ESP"]
[Date "2018.08.07"]
[Round "7.5"]
[White "Renteria, Jorge"]
[Black "Sanpera Bonet, Joan Carles"]
[Result "1/2-1/2"]
[WhiteElo "2280"]
[BlackElo "2100"]
[PlyCount "43"]
[EventDate "2018.08.01"]
[EventType "swiss"]
[EventRounds "9"]
[EventCountry "ESP"]
[SourceTitle "Ajedrez en Madrid"]
[Source "lmi"]
[SourceDate "2018.08.01"]
[SourceVersion "1"]
[SourceVersionDate "2019.06.15"]
[SourceQuality "1"]

1. e4 d6 2. d4 Nf6 3. Nc3 Nc6 4. Nf3 e5 5. d5 Ne7 6. Bg5 c6 7. Bxf6 gxf6 8. Bc4
Bg7 9. a4 O-O 10. Qd3 f5 11. Nd2 fxe4 12. Ndxe4 c5 13. h4 f5 14. Ng5 e4 15. Qe2
h6 16. Ne6 Bxe6 17. dxe6 d5 18. Nxd5 Nxd5 19. e7 Qxe7 20. Bxd5+ Kh8 21. O-O-O
Rad8 22. c3 1/2-1/2